Справочник по микроскопии для нанотехнологии: пер. с англ.

書誌詳細
団体著者: Московский государственный университет им. М. В. Ломоносова (МГУ) Научно-образовательный центр по нанотехнологиям
その他の著者: Нан Яо (редактор), Чжун Лин Ван
要約:Книга посвящена современным методам микроскопии, технике измерений и литографии на наномасштабе. В книге рассмотрены основные экспериментальные методы конфокальной оптической микроскопии, ближнепольной оптической микроскопии, зондовой микроскопии, ионной и электронной микроскопии, рентгеновской спектроскопии, зондовой и электронной литографии и др. В книге изложены основные принципы работы методов микроскопии, области их применения, приведены многочисленные примеры их использования. Разделы книги написаны и переведены учеными с мировым именем - ведущими специалистами в области микроскопии и нанотехнологии. Книга предназначена для научных работников, аспирантов и студентов, чья научная деятельность связана с нанотехнологией.
言語:ロシア語
出版事項: Москва, Научный мир, 2011
シリーズ:Фундаментальные основы нанотехнологий: справочники
主題:
フォーマット: MixedMaterials 図書
KOHA link:https://koha.lib.tpu.ru/cgi-bin/koha/opac-detail.pl?biblionumber=212093

MARC

LEADER 00000nam0a2200000 4500
001 212093
005 20231101225729.0
010 |a 9785915222327 
035 |a (RuTPU)RU\TPU\book\231721 
090 |a 212093 
100 |a 20120322d2011 km y0rusy50 ca 
101 1 |a rus  |c eng 
102 |a RU 
105 |a a g 001zy 
200 1 |a Справочник по микроскопии для нанотехнологии  |e пер. с англ.  |f Московский государственный университет им. М. В. Ломоносова (МГУ), Научно-образовательный центр по нанотехнологиям ; под ред. Нан Яо, Чжун Лин Ван 
210 |a Москва  |c Научный мир  |d 2011 
215 |a 712 с.  |c ил. 
225 1 |a Фундаментальные основы нанотехнологий: справочники 
320 |a Библиогр. в конце гл. 
320 |a Предметный указатель: с. 702-711. 
330 |a Книга посвящена современным методам микроскопии, технике измерений и литографии на наномасштабе. В книге рассмотрены основные экспериментальные методы конфокальной оптической микроскопии, ближнепольной оптической микроскопии, зондовой микроскопии, ионной и электронной микроскопии, рентгеновской спектроскопии, зондовой и электронной литографии и др. В книге изложены основные принципы работы методов микроскопии, области их применения, приведены многочисленные примеры их использования. Разделы книги написаны и переведены учеными с мировым именем - ведущими специалистами в области микроскопии и нанотехнологии. Книга предназначена для научных работников, аспирантов и студентов, чья научная деятельность связана с нанотехнологией. 
606 1 |a Электронная микроскопия (испытание материалов)  |2 stltpush  |3 (RuTPU)RU\TPU\subj\20358  |9 45467 
610 1 |a оптическая микроскопия 
610 1 |a сканирующая зондовая микроскопия 
610 1 |a ионная микроскопия 
610 1 |a нанопроизводство 
610 1 |a нанотехнологии 
610 1 |a конфокальная микроскопия 
610 1 |a оптическая микроскопия 
610 1 |a туннельная микроскопия 
610 1 |a атомно-силовая микроскопия 
610 1 |a фокусированные ионные пучки 
610 1 |a электронно-лучевая литография 
610 1 |a электронно-зондовый микроанализ 
610 1 |a нанокристаллические материалы 
610 1 |a дифракция 
610 1 |a растровые электронные микроскопы 
610 1 |a просвечивающая электронная микроскопия 
610 1 |a наноизмерения 
610 1 |a электронная нанокристаллография 
610 1 |a ТЭМ-томография 
610 1 |a внеосевая электронная голография 
610 1 |a магнитные структуры 
610 1 |a визуализация 
610 1 |a справочники 
675 |a 620.18(035)  |v 3 
702 0 |a Нан Яо  |4 340 
702 0 |a Чжун Лин Ван  |4 340 
712 0 2 |a Московский государственный университет им. М. В. Ломоносова (МГУ)  |b Научно-образовательный центр по нанотехнологиям  |2 stltpush  |3 (RuTPU)RU\TPU\col\17866 
801 1 |a RU  |b 63413507  |c 20120322 
801 2 |a RU  |b 63413507  |c 20120831  |g RCR 
900 |a Нанотехнологии 
942 |c BK 
959 |a 44/20120321  |d 1  |e 1828,00  |f ЧЗТЛ:1